000 00552nam a2200169Ia 4500
003 GCL
008 140319s9999 xx 000 0 ara d
040 _aGCL /
_cGCL
082 0 4 _a352.1
_bع د
100 1 _aعبدالسلام ابوقحف
245 1 0 _aالادارة الحديثة في البنوك التجارية /
_cعبدالسلام ابوقحف
700 1 _aعبدالغفار حنفى
260 _a[S.N] :
_bالمكتب العربى الحديث ،
_c1993
490 _a
650 0 4 _aالادارة المالية
942 _2ddc
_cBK
999 _c40916
_d40916